Loading...
Eat, drink and be slim /
| Main Author: | |
|---|---|
| Format: | Printed Book |
| Language: | English |
| Published: |
Faber & Faber,
1972.
|
| LEADER | 00420nam a2200121Ia 4500 | ||
|---|---|---|---|
| 008 | 150624b xxu||||| |||| 00| 0 eng d | ||
| 082 | |a 641.5 | ||
| 100 | |a Skimming, Anne | ||
| 245 | |a Eat, drink and be slim / |c Anne Skimming | ||
| 260 | |b Faber & Faber, |c 1972. | ||
| 942 | |c BK | ||
| 999 | |c 6242 |d 6242 | ||
| 952 | |0 0 |1 0 |4 0 |6 641_500000000000000_SKI_E |7 0 |9 6241 |a UL |b UL |c SEC |d 1998-09-07 |l 1 |o 641.5 SKI/E |p 10302 |r 2021-09-30 |s 2021-09-30 |w 2012-10-27 |y BK | ||